Analýza procesu ohýbania ocelí typu Hardox

Na minha lista:
Detalhes bibliográficos
Autor principal: Bachratý, Peter (Author)
Outros Autores: Bílik, Jozef (Thesis advisor)
Formato: Manuscrito Livro
Idioma:eslovaco
Publicado em: 2018
Assuntos:
Acesso em linha:http://is.stuba.sk/zp/portal_zp.pl?podrobnosti=138643
Tags: Adicionar Tag
Sem tags, seja o primeiro a adicionar uma tag!

MARC

LEADER 00000ntm a22000003a 4500
001 stuzp67827
003 SK-STU
005 20180820155344.9
007 ta
008 150427s2015----xo-----f-mn---000-0-slo-d
040 |a STU  |b slo 
041 0 |a slo 
100 1 |a Bachratý, Peter  |u 063000  |4 aut  |U MTF Materiálovotechnologická fakulta  |T MTF Ústav výrobných technológií  |X 71685  |U M3000  |Y 83  |7 71685 
242 0 1 |a Analysis of Hardox steels bending process  |y eng 
245 1 0 |a Analýza procesu ohýbania ocelí typu Hardox 
260 |c 2018 
650 4 |a Hardox  |2 slo 
650 4 |a Ohýbanie  |2 slo 
650 4 |a vysokopevné ocele  |2 slo 
650 4 |a hardox steel  |2 eng 
650 4 |a bending  |2 eng 
650 4 |a high strength steel  |2 eng 
700 1 |a Bílik, Jozef  |u 063600  |k Z1  |4 ths  |U MTF Ústav výrobných technológií  |T MTF Katedra obrábania a tvárnenia  |X 1547  |U M3600  |Y 841  |7 A000001547 
856 4 |u http://is.stuba.sk/zp/portal_zp.pl?podrobnosti=138643 
996 |c M* DP-13448  |l MMSKP  |s P  |a 0  |w stuzp67827_0001